PHARMACEUTICAL JURISPRUDENCE & ETHICS (Record no. 32957)

MARC details
000 -LEADER
fixed length control field 00348nam a22001457a 4500
003 - CONTROL NUMBER IDENTIFIER
control field SGT
020 ## - INTERNATIONAL STANDARD BOOK NUMBER
International Standard Book Number 812560075-2
082 ## - DEWEY DECIMAL CLASSIFICATION NUMBER
Classification number 344.04
Item number AGA
100 ## - MAIN ENTRY--PERSONAL NAME
Personal name AGARWAL, DR. S.P.
245 ## - TITLE STATEMENT
Title PHARMACEUTICAL JURISPRUDENCE & ETHICS
260 ## - PUBLICATION, DISTRIBUTION, ETC. (IMPRINT)
Place of publication, distribution, etc INDIA
Name of publisher, distributor, etc BIRLA PUB.
Year of Publication 2026
300 ## - PAGE DESCRIPTION
No. of Pages 272
650 ## - SUBJECT ADDED ENTRY--TOPICAL TERM
Topical term or geographic name as entry element PHARMACEUTICAL JURISPRUDENCE
942 ## - ADDED ENTRY ELEMENTS (KOHA)
Source of classification or shelving scheme Dewey Decimal Classification
Koha item type Books
Holdings
Withdrawn status Lost status Source of classification or shelving scheme Damaged status Not for loan Collection code Home library Current library Shelving location Date acquired Vendor Name Cost, normal purchase price SGTU Bill Number Full call number Accession No. (Barcode) Date last seen Bill Date Koha item type Total Checkouts
    Dewey Decimal Classification   Not For Loan SCIENCE SGT Science & Social Sciences Library SGT Science & Social Sciences Library Reference Book 28/10/2025 ABC 350.00 SGTU 21721 344.04 AGA DP986 28/10/2025 17/09/2025 Books  
    Dewey Decimal Classification     SCIENCE SGT Science & Social Sciences Library SGT Science & Social Sciences Library Text Book 28/10/2025 ABC 350.00 SGTU 21721 344.04 AGA DP987 28/10/2025 17/09/2025 Books  
    Dewey Decimal Classification     SCIENCE SGT Science & Social Sciences Library SGT Science & Social Sciences Library Text Book 28/10/2025 ABC 350.00 SGTU 21721 344.04 AGA DP988 28/10/2025 17/09/2025 Books  
    Dewey Decimal Classification     SCIENCE SGT Science & Social Sciences Library SGT Science & Social Sciences Library Text Book 28/10/2025 ABC 350.00 SGTU 21721 344.04 AGA DP989 28/10/2025 17/09/2025 Books  
    Dewey Decimal Classification     SCIENCE SGT Science & Social Sciences Library SGT Science & Social Sciences Library Text Book 28/10/2025 ABC 350.00 SGTU 21721 344.04 AGA DP990 28/10/2025 17/09/2025 Books